1996 1425 1078 1505 1397 1842 1187 1720 1260 1320 1341 1757 1289 1203 1059 1967 1992 1980 1565 1504 1168 1640 1765 1854 1437 1289 1308 1071 1316 1702 1368 1430 1060 1430 1894 1588 1279 1417 1586 1069 1445 1802 1404 1350 1147 1096 1721 1876 1937 1406 1239 1893 1221 1562 1580 1831 1990 1779 1505 1115 1181 1167 1738 1683 1348 1505 1083 1104 1707 1111 1298 1312 1574 1682 1219 1731 1008 1302 1941 1421 1073 1876 1323 1461 1647 1316 1515 1232 1718 1166 1712 1337 1795 1467 1624 1023 1815 1855 1879 BCNSPRNW ULIB Ver.6.0+V

เปลี่ยนเป็นภาษาไทย

Change to English
 แสดงรายละเอียดบรรณานุกรม
  กลับหน้าหลัก

Brief Record : Get Marc (ISO 2709) : E-mail record : QR code < ปิดหน้าต่าง
LEADER : 00000nam 2200000uu 4500
001    13399128044
003     ULIB
008    220128s2563||||th 000 0 tha d
020    ^a9786165721424
050    ^aนว^bภ262ป
100 0  ^aภวันดร
245 10 ^aปริศนาชบาแดง /^cภวันดร
250    ^aพิมพ์ครั้งที่ 1
260    ^aกรุงเทพฯ :^bกู๊ดเฮด พริ้นท์ติ้ง แอนด์ แพคเกจจิ้ง กรุ๊ป,^c2563
300    ^a280 หน้า ;^c21 ซม.
650  0 ^aนวนิยาย
945    ^p0^l0^i29189
999    ^aกัณชพร จุลอักษร
รายการนี้ยังไม่มีแท็ก
คุณยังไม่ได้ล็อกอิน คุณสามารถมีกิจกรรมร่วมกับเว็บไซต์ได้ แต่ต้องล็อกอินก่อน ::
  ล็อกอิน

รายการสื่อสารสนเทศ

ลำดับที่ ประเภท เลขเรียก/บาร์โค้ด สถานที่ สถานะ
1. วิทยาศาสตร์การแพทย์ และสุขภาพ
วิทยาศาสตร์การแพทย์ และสุขภาพ
นว ภ262ป ฉ.1 
  Barcode: 29189
ห้องสมุดวิทยาเขตนครสวรรค์
►นวนิยาย:l:Fiction
บนชั้น

รายการใกล้เคียง
    ผู้แต่ง [ภวันดร]

    หัวเรื่อง [นวนิยาย]

BibComment


ยังไม่เคยถูกคอมเมนท์

คอมเมนท์ทรัพยากรรายการนี้
  คอมเมนท์: ปริศนาชบาแดง ภว..


 Copyright 2026. Bcnsprnw @Library